Loading...
Atlas of biological ultrastructure /
| Main Author: | |
|---|---|
| Format: | Printed Book |
| Language: | English |
| Published: |
Arnold,
1968.
|
| LEADER | 00428nam a2200133Ia 4500 | ||
|---|---|---|---|
| 008 | 150624b xxu||||| |||| 00| 0 eng d | ||
| 082 | |a 578.440222 | ||
| 100 | |a Dodge | ||
| 245 | |a Atlas of biological ultrastructure / |c Dodge | ||
| 260 | |b Arnold, |c 1968. | ||
| 300 | |a 80 p. | ||
| 942 | |c BK | ||
| 999 | |c 752 |d 752 | ||
| 952 | |0 1 |1 0 |4 0 |6 578_440222000000000_DOD_A_R |7 0 |9 751 |a UL |b UL |c ST1 |d 1998-09-01 |l 0 |o 578.440222 DOD/A R |p 2468 |r 2012-10-27 |w 2012-10-27 |y BK | ||